000 00324nam a22001337a 4500
008 170731b xxu||||| |||| 00| 0 eng d
020 _a0471258849
041 _aeng
080 _a004
100 _a32
101 _aSHK
245 _aCOMPUTER/AIDED EXPERIMENTATION INTERFACING TO MINICOMPUTERS
_cFINKEL.J
942 _2udc
_cBK
999 _c22241
_d22241